000 01223nam a2200289 i 4500
001 106397
003 ES-MaACL
005 20250803063055.0
007 t|
008 061110s1998 fr |||| | fre d
080 _a326:34(44)"17/18"
080 _a326(44)(091)
245 0 3 _aLe Code noir et la traite des nègres :
_btexte intégral du Code de 1685, suivi du Code de 1724 suivi d'autres documents... /
_cenrichie d'une bibliographie de Victor Schoelcher par Anne Girollet ; textes choisis, annotés et préfacés par Jean-Marc Laleta-Ballini
250 _a2ª éd.
260 _aChampigny-Sur-Marne :
_bJ.-M. Laleta-Ballini,
_c1998
300 _a100 páginas ;
_c21 cm
610 1 4 _aFrancia.
_tCode noir, 1685
_9139585
610 1 4 _aFrancia.
_tCode noir, 1724
_9241502
650 4 _aEsclavitud-
_zAmérica
_9162982
700 1 _aSchoelcher, Victor,
_d1804-1893
_eclb
_9104601
700 1 _aGirollet, Anne
_eclb
_957265
700 1 _aLaleta-Ballini, Jean-Marc
_eaui
_eedt
_969730
852 _aES-MaACL
_bR.139112
_cDEPO2
_fBiblioteca Jacinto Martínez Lacalle
_hDonativo Jacinto Martínez Lacalle
_jE-11374
942 _2udc
_cMONOGRAFIA
_n0
999 _c106397
_d106397